Zobrané spisy 40 /

Na minha lista:
Detalhes bibliográficos
Autor principal: Lenin, Vladimír Iljič (Author)
Formato: Livro
Publicado em: Bratislava : Pravda, 1987
Edição:2.vyd.
Tags: Adicionar Tag
Sem tags, seja o primeiro a adicionar uma tag!

MARC

LEADER 00000nam a22000003a 4500
001 stu15378
005 20150617225800.5
008 ------s1987----cs----------------------d
040 |a STU  |b slo 
041 0
044 |a cs 
080 |a 141.82 
100 1 |a Lenin, Vladimír Iljič  |4 aut 
245 1 |a Zobrané spisy 40 /  |c [aut.]Lenin,Vladimir Iľjič 
250 |a 2.vyd. 
260 |a Bratislava :  |b Pravda,  |c 1987 
300 |a 620 s 
996 |b C80188  |c C*80188  |l CCI  |s A  |a 24  |w stu15378_0001 
996 |b C80187  |c C*80187  |l CCI  |s A  |a 24  |w stu15378_0002